000 00184 a2200097 4500
020 _a9780517206799
041 _aeng
100 _aGrafton, Sue
245 _a"A" is for alibi
942 _cBK
999 _c8325
_d8325